000 01186nam a2200229Ia 4500
003 Ost
005 20260507075053.0
008 260507s9999||||xx |||||||||||||| ||und||
040 _cfsecg
041 _aara
082 _a342.06
100 _aعبد الله، عبد الغني بسيوني
_eمؤلف
245 0 _aالقانون الإداري :
_bدراسة مقارنة لأسس ومبادئ القانون الإداري وتطبيقها في لبنان /
_c عبد الغني بسيوني عبد الله
260 _aبيروت:
_bالدار الجامعية للطباعة والنشر,
_c[دون تاريخ]
300 _a600 صفحة؛
_bإيضاحات ؛
_c24 سم
490 _aالمكتبة القانونية
520 _aالتعريف بالقانون الاداري، التنظيم الاداري، النشاط الاداري، امو ال السلطة الادارية أو الأموال العامة، عمال السلطة الادارية، اعمال السلطة الادارية، امتيازات السلطة الادارية
653 _aالأموال
653 _aالقانون الاداري
653 _aلبنان
942 _cكتاب
999 _c42696
_d42696